000 00481nam a2200181 i 4500
001 bg
100 1 _aKOLMAN, Romuald
245 0 _aSterowanie jakością wytwarzania :
_bćwiczenia audytoryjne /
_cR. Kolman, J. Preihs, Z. Dembek.
250 _aWyd.2.
260 _aGdańsk,
_c1990.
700 1 _aPREIHS, Jolanta
700 1 _aDAMBEK, Zbigniew
040 _cBPK
041 _apol
080 _a658.56::66/69(075.8)
942 _cKS
008 s pl f |000 0 pol
999 _c4289
_d4289
856 _uhttp://koha.tu.koszalin.pl/cgi-bin/koha/opac-detail.pl?biblionumber=4289
_yKatalog online BPK